Navigare necesse est (Record no. 186682)

MARC details
000 -LEADER
campo de control de longitud fija 01339nam a2200325 i 4500
001 - NÚMERO DE CONTROL
campo de control 186682
003 - IDENTIFICADOR DE NÚMERO DE CONTROL
campo de control SpMaBN
005 - FECHA Y HORA DE LA ÚLTIMA TRANSACCIÓN
campo de control 20250809151044.0
008 - DATOS DE LONGITUD FIJA--INFORMACIÓN GENERAL
campo de control de longitud fija 170131s2015 sp ace |||| |dspa d
020 ## - NÚMERO INTERNACIONAL ESTÁNDAR DEL LIBRO
Número Internacional Estándar del Libro 978-84-608-2272-1
080 ## - NÚMERO DE LA CLASIFICACIÓN DECIMAL UNIVERSAL
Número de la Clasificación Decimal Universal 929 Luzón Nogué, José María
080 ## - NÚMERO DE LA CLASIFICACIÓN DECIMAL UNIVERSAL
Número de la Clasificación Decimal Universal 902(082.2)
245 00 - MENCIÓN DEL TÍTULO
Título Navigare necesse est
Resto del título : estudios en homenaje a José María Luzón Nogué /
Mención de responsabilidad, etc. edición de Jorge García Sánchez, Irene Mañas Romero, Fabiola Salcedo Garcés.
260 ## - PUBLICACIÓN, DISTRIBUCIÓN, ETC.
Lugar de publicación, distribución, etc. Madrid :
Nombre del editor, distribuidor, etc. Universidad Complutense de Madrid, Facultad de Geografía e Historia,
Fecha de publicación, distribución, etc. 2015.
300 ## - DESCRIPCIÓN FÍSICA
Extensión 595 p. :
Otras características físicas il., mapas, planos, retr. ;
Dimensiones 30 cm.
500 ## - NOTA GENERAL
Nota general Índice.
504 ## - NOTA DE BIBLIOGRAFÍA, ETC.
Nota de bibliografía, etc. Bibliografía de J.M. Luzón Nogué: p. [25]-32.
504 ## - NOTA DE BIBLIOGRAFÍA, ETC.
Nota de bibliografía, etc. Referencias bibliográficas.
600 14 - PUNTO DE ACCESO ADICIONAL DE MATERIA--NOMBRE DE PERSONA
Nombre de persona Luzón Nogué, José María-
Subdivisión de forma Homenajes.
9 (RLIN) 161628
650 #7 - PUNTO DE ACCESO ADICIONAL DE MATERIA--TÉRMINO DE MATERIA
Término de materia o nombre geográfico como elemento de entrada Arqueología
Fuente del encabezamiento o término embne
9 (RLIN) 9975
700 1# - ENTRADA AGREGADA--NOMBRE PERSONAL
Nombre de persona Luzón Nogué, José María.
9 (RLIN) 74913
700 1# - ENTRADA AGREGADA--NOMBRE PERSONAL
Nombre de persona García Sánchez, Jorge.
9 (RLIN) 161629
700 1# - ENTRADA AGREGADA--NOMBRE PERSONAL
Nombre de persona Mañas Romero, Irene.
9 (RLIN) 172432
700 1# - ENTRADA AGREGADA--NOMBRE PERSONAL
Nombre de persona Salcedo Garcés, Fabiola.
9 (RLIN) 172433
710 2# - ENTRADA AGREGADA--NOMBRE DE ENTIDAD CORPORATIVA
Nombre de entidad corporativa o nombre de jurisdicción como elemento de entrada Universidad Complutense de Madrid.
Unidad subordinada Facultad de Geografía e Historia.
9 (RLIN) 7126
710 2# - ENTRADA AGREGADA--NOMBRE DE ENTIDAD CORPORATIVA
Nombre de entidad corporativa o nombre de jurisdicción como elemento de entrada Ateneo de Madrid.
9 (RLIN) 1875
852 ## - LOCALIZACIÓN
Ubicación ES-MaACL
Número de control de estantería A-13983
itemnumber 193739
Sublocalización o colección R.151026
Ubicación en estantería Depósito 1
Signatura antigua Olim: N-6983
942 ## - ELEMENTOS DE ENTRADA SECUNDARIOS (KOHA)
Fuente del sistema de clasificación o colocación Clasificación decimal universal
Tipo de ítem Koha Libro impreso
Holdings
Estatus retirado Estado de pérdida Fuente del sistema de clasificación o colocación Estado de daño No para préstamo Biblioteca de origen Biblioteca actual Ubicación en estantería Fecha de adquisición Fuente de adquisición Total de préstamos Signatura topográfica completa Código de barras Visto por última vez Precio de reemplazo Tipo de ítem Koha
    Clasificación decimal universal     Biblioteca del Ateneo de Madrid Biblioteca del Ateneo de Madrid Depósito 1 31/01/2017 Donación   A-13983 1196916 23/02/2023 23/02/2023 Libro impreso